| 000 | 00567nam a22001817a 4500 | ||
|---|---|---|---|
| 999 |
_c60636 _d60636 |
||
| 005 | 20230927105949.0 | ||
| 008 | 230927s1989 enk||||| |||| 00| 0 eng d | ||
| 020 | _a 0859893308 | ||
| 041 | _aeng | ||
| 080 | _a94(410) The-44 | ||
| 245 |
_aSaxon Shore: _bA Handbook / _cedition Valerie A. Maxfield. |
||
| 264 |
_aCanterbury, _c1989. |
||
| 300 |
_a178 p.: _bill. ; _c21 cm. |
||
| 653 | _aსაქსონური ნაპირი | ||
| 653 | _aისტორია | ||
| 700 |
_aMaxfield, Valerie A. _eრედაქტორი _919928 |
||
| 942 |
_2udc _cBK |
||